| 000 | 00647nam a22002177a 4500 | ||
|---|---|---|---|
| 003 | UA-OsUOA | ||
| 001 | 88967 | ||
| 007 | ta | ||
| 008 | 20121023b un ||||| |||| 00| 0 ukr d | ||
| 100 | _aЗадорожний В. | ||
| 090 |
_a81 _bЗ-15 |
||
| 942 | _cSA | ||
| 040 |
_aUA-OsUOA _bukr _cUA-OsUOA _dUA-OsUOA |
||
| 245 | _aБієнале - трієнале - квадрієнале... Ще раз про рід іменників | ||
| 300 | _aС.35-42 | ||
| 955 | _a0 | ||
| 041 | _aukr | ||
| 080 | _a81 | ||
| 773 | 0 | _w88957 | |
| 650 | 7 |
_a8 Мовознавство. Художня література. Літературознавство _2UDC |
|
| 999 |
_c375234 _d375234 |
||